000 00831nam a2200229Ia 4500
003 GCL
008 140319s9999 xx 000 0 ara d
040 _aGCL /
_cGCL
082 0 4 _a526
_bن ع
100 1 _aنجيب عبدالرحمن الزيدى
245 1 0 _aعلم الخرائط /
_cنجيب عبدالرحمن الزيدى
700 1 _aحسين مجاهد مسعود
250 _aالاولى
260 _aالاردن :
_bدار اليازورى العلمية للنشر والتوزيع ،
_c2005
300 _a416 ص ؛
_c24 سم
650 0 4 _aالخرائط
650 0 4 _aالرسم البيانى
650 0 4 _aالخرائط الاحصائية
650 0 4 _aنظم المعلومات الجغرافية - خرائط
650 0 4 _aالحاسبات الالكترونية - خرائط
942 _2ddc
_cBK
999 _c56456
_d56456